01127nam a22001337a 4500008004100000020001800041050001800059100002400077245007000101260003300171300003400204500005200238505070300290140714b xxu||||| |||| 00| 0 eng d a9781465382962 aAf/JV8790.D87 aDugbazah, Justina.  aGender, livelihoods and migration in africa. /cJustina Dugbazah. bXlibris Corporation, c2012. a327p. :bill., maps ;c19 cm. aIncludes bibliographical references and index.  aContents: Examining the gender, livelihoods, and migration linkage in africa -- Gender framework for analysing livelihood and migration -- Historical perspectives on gender relations and factors that impact african women -- Exploring the livelihood discourse in africa -- Conceptualising global patterns and theories of migration -- Historical patterns of migration in sub-saharan africa -- History and profile of the volta region and the abutia villages -- Political and social organisation in the study communities -- Characteristics of migrant household and migrants -- Impact of migration on rural livelihoods -- Impact of migration in the public and private spheres -- Summary and conclusion.